The Clash - London Calling Songs - Statistics

General Stats
  • This quiz has been taken 20 times
  • The average score is 13 of 19
Answer Stats
Length Song % Correct
3:19 London Calling
100%
3:09 Train in Vain
94%
3:47 Lost in the Supermarket
88%
3:19 Spanish Bombs
88%
3:26 Rudie Can't Fail
81%
3:52 Jimmy Jazz
75%
2:09 Brand New Cadillac
69%
2:56 Four Horsemen
69%
3:07 The Guns of Brixton
69%
3:49 Clampdown
63%
2:45 Hateful
63%
3:55 Death or Glory
56%
1:46 Koka Kola
56%
4:01 Lover's Rock
56%
5:37 Revolution Rock
56%
3:56 The Right Profile
56%
3:10 Wrong 'Em Boy
56%
3:00 I'm Not Down
50%
3:51 The Card Cheat
38%
No matching quizzes found
Score Distribution
Percent of People with Each Score
Percentile by Number Answered
Your Score History
You have not taken this quiz